| 000 | 00948cam a2200217 4500 | ||
|---|---|---|---|
| 001 | WB3937-15 | ||
| 008 | 031002n2003 000 0 eng u | ||
| 035 | _a(Sirsi) u123832 | ||
| 245 | 2 | _aA lesson in house prices | |
| 260 | _c2003 | ||
| 490 |
_aRICS Press Release _v(pr093) 3 October 2003 (2) |
||
| 520 | _aRICS survey shows the national average premium in the price of a house in the catchment area of a popular state school is 12%, varying from 16% in the West Midlands to 7% in London. 'Education, Education, Location' (EELs) has been used to sum up this house buying premium trend. More details are available from Jeremy Leaf t +44 (0)20 8446 4295. http://www.rics.org/ricscms/bin/show?class=PressRelease&template=/includes/showpr.html&id=1035&faculty=RICS | ||
| 590 | _aWB | ||
| 650 | _aSURVEYS | ||
| 650 | _aHOUSE PRICES | ||
| 650 | _aSCHOOLS | ||
| 650 | _aEELS | ||
| 650 | _aCATCHMENT AREAS | ||
| 690 | _aHOUSING | ||
| 942 | _n0 | ||
| 999 |
_c73549 _d73549 |
||